[Event "Ct. Catalunya eq DH"]
[Site "?"]
[Date "2013.02.09"]
[Round "4.1"]
[White "Peralta, F."]
[Black "Cuartas Medina, JA."]
[Result "1-0"]
[WhiteElo "2611"]
[BlackElo "2555"]
[PlyCount "47"]
[EventDate "2013.??.??"]
[EventType "tourn"]
[EventRounds "11"]

1. d4 d5 2. c4 c6 3. Nf3 Nf6 4. Nc3 dxc4 5. a4 Bf5 6. Nh4 e6 7. Nxf5 exf5 8. e3
Bb4 9. Bxc4 O-O 10. Qc2 g6 11. O-O Nbd7 12. f3 Rc8 13. Kh1 c5 14. Ba2 Qb6 15.
dxc5 Nxc5 16. e4 Bxc3 17. bxc3 fxe4 18. Be3 Qc6 19. fxe4 Ng4 20. Bd4 Qd6 21.
Bg1 b6 22. h3 Nf6 23. e5 Qxe5 24. Bd4 1-0

[Event "Ct. Catalunya eq DH"]
[Site "?"]
[Date "2013.02.09"]
[Round "4.2"]
[White "Alonso Rosell, A."]
[Black "Rizouk, A."]
[Result "1/2-1/2"]
[WhiteElo "2576"]
[BlackElo "2520"]
[PlyCount "61"]
[EventDate "2013.??.??"]
[EventType "tourn"]
[EventRounds "11"]

1. Nf3 Nf6 2. g3 d5 3. Bg2 c6 4. c4 g6 5. b3 Bg7 6. Bb2 O-O 7. O-O Bg4 8. h3
Bxf3 9. Bxf3 d4 10. d3 a5 11. a3 Na6 12. Nd2 e5 13. b4 Qd7 14. Bg2 axb4 15.
axb4 Nxb4 16. Ba3 c5 17. Bxb4 cxb4 18. Qb3 Qe7 19. Rab1 Rfe8 20. Qxb4 Ra2 21.
Rfd1 Bh6 22. Qxe7 Rxe7 23. Ne4 Nxe4 24. Bxe4 Rxe2 25. Rxb7 Rxb7 26. Bxb7 Rc2
27. Bd5 Rc1 28. Rxc1 Bxc1 29. c5 Ba3 30. c6 Bd6 31. Kg2 1/2-1/2

[Event "Ct. Catalunya eq DH"]
[Site "?"]
[Date "2013.02.09"]
[Round "4.2"]
[White "Lacasa Diaz, JA."]
[Black "Gonzalez Perez, A."]
[Result "0-1"]
[WhiteElo "2451"]
[BlackElo "2491"]
[PlyCount "94"]
[EventDate "2013.??.??"]
[EventType "tourn"]
[EventRounds "11"]

1. e4 c5 2. Nf3 d6 3. d4 cxd4 4. Nxd4 Nf6 5. Nc3 g6 6. Be3 Bg7 7. f3 O-O 8. Qd2
Nc6 9. Bc4 Bd7 10. O-O-O Rc8 11. Bb3 Nxd4 12. Bxd4 b5 13. Nd5 Nxd5 14. Bxg7
Kxg7 15. exd5 a5 16. a3 b4 17. axb4 axb4 18. Qxb4 Kg8 19. Rhe1 Re8 20. Re3 Rb8
21. Qh4 Qa5 22. Rxe7 Rxe7 23. Qxe7 Qa1+ 24. Kd2 Qa5+ 25. Kc1 Qa1+ 26. Kd2 Qxb2
27. Qxd7 Rxb3 28. Qc8+ Kg7 29. Qc4 Rb4 30. Qe2 Qd4+ 31. Ke1 Qg1+ 32. Qf1 Qe3+
33. Qe2 Qg1+ 34. Qf1 Qxh2 35. Kf2 h5 36. Qd3 Qe5 37. c4 Kh7 38. g3 h4 39. f4
hxg3+ 40. Kxg3 Qb2 41. Rd2 Qc1 42. Qd4 Rb3+ 43. Kg2 Rb1 44. Kg3 Rb3+ 45. Kg2
Qe1 46. Rf2 Rb1 47. Kf3 Qh1+ 0-1

[Event "Ct. Catalunya eq DH"]
[Site "?"]
[Date "2013.02.09"]
[Round "4.2"]
[White "Lorenzo de la Riva, L."]
[Black "Lillo Castany, V."]
[Result "1/2-1/2"]
[WhiteElo "2513"]
[BlackElo "2359"]
[PlyCount "111"]
[EventDate "2013.??.??"]
[EventType "tourn"]
[EventRounds "11"]

1. e4 e5 2. Nf3 Nc6 3. Bc4 Nf6 4. d4 exd4 5. O-O Nxe4 6. Re1 d5 7. Bxd5 Qxd5 8.
Nc3 Qh5 9. Nxe4 Be6 10. Bg5 Bb4 11. Nxd4 Qxd1 12. Rexd1 Nxd4 13. Rxd4 Be7 14.
Re1 Rd8 15. Ra4 f6 16. Bf4 a6 17. Bxc7 Rc8 18. Nd6+ Bxd6 19. Rxe6+ Kf7 20. Rxd6
Rxc7 21. Rb4 Re8 22. h4 Re1+ 23. Kh2 Rxc2 24. Rd7+ Ke6 25. Rbxb7 Ree2 26. Re7+
Kf5 27. Rxe2 Rxe2 28. Kg3 h5 29. a4 g5 30. Kf3 Rc2 31. a5 gxh4 32. Rb6 Kg5 33.
Ke3 Kf5 34. b4 Rb2 35. Rb8 Ke5 36. Rh8 Rb3+ 37. Ke2 Rxb4 38. Rxh5+ Ke6 39. Ke3
Ra4 40. f4 Ra3+ 41. Ke4 Ra4+ 42. Kf3 Ra3+ 43. Kf2 Ra4 44. Ke3 Ra3+ 45. Kf2 Ra4
46. Rxh4 Rxa5 47. g4 Ra3 48. Rh6 Kf7 49. Rh7+ Kg6 50. Re7 Kh6 51. Re3 Rxe3 52.
Kxe3 Kg6 53. Kd4 Kf7 54. Kc5 Ke6 55. Kc6 a5 56. Kb5 1/2-1/2

[Event "Ct. Catalunya eq DH"]
[Site "?"]
[Date "2013.02.09"]
[Round "4.2"]
[White "Perez Mitjans, O."]
[Black "Muñoz Pantoja, M."]
[Result "1/2-1/2"]
[WhiteElo "2553"]
[BlackElo "2517"]
[PlyCount "53"]
[EventDate "2013.??.??"]
[EventType "tourn"]
[EventRounds "11"]

1. e4 c6 2. Nf3 d5 3. Nc3 Bg4 4. h3 Bxf3 5. Qxf3 e6 6. d4 Nf6 7. Bd3 dxe4 8.
Nxe4 Nxe4 9. Bxe4 Nd7 10. Qd3 Nf6 11. Bf3 Bd6 12. Bd2 Qc7 13. O-O O-O 14. c4
Rad8 15. Bc3 c5 16. d5 Bh2+ 17. Kh1 Be5 18. Rac1 Bxc3 19. Qxc3 exd5 20. cxd5 b6
21. b4 Nxd5 22. Qc4 Nf4 23. bxc5 Nd3 24. cxb6 Qxb6 25. Rc2 Ne5 26. Qf4 Nxf3 27.
Qxf3 1/2-1/2

[Event "Ct. Catalunya eq DH"]
[Site "?"]
[Date "2013.02.09"]
[Round "4.2"]
[White "Prie, E."]
[Black "Moskalenko, V."]
[Result "1/2-1/2"]
[WhiteElo "2470"]
[BlackElo "2568"]
[PlyCount "26"]
[EventDate "2013.??.??"]
[EventType "tourn"]
[EventRounds "11"]

1. d4 g6 2. e4 Bg7 3. f4 d5 4. e5 Nh6 5. Nf3 O-O 6. Bd3 Bg4 7. Nbd2 c5 8. dxc5
f6 9. h3 Bxf3 10. Nxf3 fxe5 11. fxe5 Nc6 12. Bd2 e6 13. O-O Nf7 {
Irreproducible.} 1/2-1/2

[Event "Ct. Catalunya eq DH"]
[Site "?"]
[Date "2013.02.09"]
[Round "4.2"]
[White "Torrecillas Martinez, A."]
[Black "Fluvia Poyatos, Jordi"]
[Result "1-0"]
[WhiteElo "2431"]
[BlackElo "2500"]
[PlyCount "71"]
[EventDate "2013.??.??"]
[EventType "tourn"]
[EventRounds "11"]

1. e4 c6 2. c4 e5 3. Nf3 Qa5 4. Be2 Nf6 5. Nc3 Bb4 6. Qc2 O-O 7. O-O Re8 8. d3
h6 9. Bd2 Qd8 10. a3 Bxc3 11. Bxc3 d6 12. c5 Bg4 13. cxd6 Qxd6 14. b4 Nbd7 15.
Rfd1 Qe7 16. h3 Bh5 17. Nh4 Bxe2 18. Nf5 Qf8 19. Qxe2 g6 20. Ne3 Nh5 21. Qf3
Rad8 22. Ng4 Kh7 23. d4 exd4 24. Rxd4 c5 25. Rd5 f6 26. Rxh5 gxh5 27. Qf5+ Kg7
28. Qxh5 Kh7 29. Qf5+ Kg7 30. Rd1 Qf7 31. Rd6 cxb4 32. axb4 Rf8 33. e5 Nxe5 34.
Rxf6 Rd1+ 35. Kh2 Nxg4+ 36. Qxg4+ 1-0

[Event "Ct. Catalunya eq DH"]
[Site "?"]
[Date "2013.02.09"]
[Round "4.3"]
[White "Baron Isanta, JM."]
[Black "Aloma Vidal, R."]
[Result "0-1"]
[WhiteElo "2414"]
[BlackElo "2475"]
[PlyCount "76"]
[EventDate "2013.??.??"]
[EventType "tourn"]
[EventRounds "11"]

1. e4 c5 2. c3 d5 3. exd5 Qxd5 4. d4 Nc6 5. Nf3 Bf5 6. dxc5 Qxd1+ 7. Kxd1
O-O-O+ 8. Ke1 e5 9. Be3 Nf6 10. Bb5 Nd5 11. Bxc6 bxc6 12. Nxe5 Bxc5 13. Nxf7
Bxe3 14. fxe3 Nxe3 15. Nxd8 Nc2+ 16. Kf2 Rxd8 17. Na3 Nxa1 18. Rxa1 Rd2+ 19.
Ke3 Rxg2 20. Rf1 Be6 21. Rf2 Rxf2 22. Kxf2 Bxa2 23. Ke3 Kd7 24. Kd4 Kd6 25. b4
g5 26. Nc2 h5 27. Ne3 Be6 28. c4 c5+ 29. bxc5+ Kc6 30. Nd5 a5 31. Nb6 Bg4 32.
Nd5 Bd1 33. Ne7+ Kd7 34. Nd5 h4 35. Nc3 Bf3 36. Ke5 Kc6 37. Kd4 g4 38. Na4 g3
0-1

[Event "Ct. Catalunya eq DH"]
[Site "?"]
[Date "2013.02.09"]
[Round "4.3"]
[White "Delorme, Axel"]
[Black "Sanchez Ibern, M."]
[Result "1/2-1/2"]
[WhiteElo "2471"]
[BlackElo "2403"]
[PlyCount "35"]
[EventDate "2013.??.??"]
[EventType "tourn"]
[EventRounds "11"]

1. d4 Nf6 2. c4 g6 3. g3 Bg7 4. Bg2 d5 5. Nf3 dxc4 6. Na3 O-O 7. Nxc4 Nc6 8.
O-O Be6 9. b3 Bd5 10. Bb2 a5 11. Rc1 a4 12. bxa4 Ra6 13. Nfe5 Bxg2 14. Kxg2 Qa8
15. Nxc6 bxc6 16. Kg1 Rxa4 17. Ne5 Rxa2 18. Ba1 1/2-1/2

[Event "Ct. Catalunya eq DH"]
[Site "?"]
[Date "2013.02.09"]
[Round "4.3"]
[White "Dominguez Pons, E."]
[Black "Fernandez Aguado, E."]
[Result "1-0"]
[WhiteElo "2371"]
[BlackElo "2419"]
[PlyCount "73"]
[EventDate "2013.??.??"]
[EventType "tourn"]
[EventRounds "11"]

1. e4 e5 2. Nf3 Nc6 3. d4 exd4 4. Nxd4 Bb4+ 5. c3 Bc5 6. Nxc6 bxc6 7. Bc4 d5 8.
Bd3 Nf6 9. exd5 O-O 10. O-O Bg4 11. Be2 Bxe2 12. Qxe2 cxd5 13. Bg5 h6 14. Bxf6
Qxf6 15. Nd2 Rfe8 16. Qd3 Rad8 17. b4 Bb6 18. Nb3 Re4 19. a4 c6 20. a5 Bc7 21.
Nd4 Be5 22. Rad1 Bxd4 23. cxd4 Rb8 24. Qc3 Qd6 25. Rb1 Re2 26. Rfe1 Qg6 27.
Rbc1 Rbe8 28. Rxe2 Rxe2 29. Kf1 Ra2 30. Qxc6 Qd3+ 31. Kg1 Rd2 32. Qe8+ Kh7 33.
Re1 Rd1 34. Qe5 Qxd4 35. Qf5+ Kg8 36. Qc8+ Kh7 37. Qc2+ 1-0

[Event "Ct. Catalunya eq DH"]
[Site "?"]
[Date "2013.02.09"]
[Round "4.3"]
[White "Vives Esmerat, J."]
[Black "Burg, T."]
[Result "1-0"]
[WhiteElo "2367"]
[BlackElo "2478"]
[PlyCount "51"]
[EventDate "2013.??.??"]
[EventType "tourn"]
[EventRounds "11"]

1. e4 c6 2. d4 d5 3. e5 Bf5 4. Nf3 e6 5. Be2 Nd7 6. O-O Ne7 7. Re1 h6 8. Nbd2
g5 9. c4 Ng6 10. Nf1 dxc4 11. Bxc4 Nb6 12. Bd3 g4 13. Bxf5 exf5 14. N3d2 Qxd4
15. Qc2 Ne7 16. Ng3 Qd7 17. Nb3 Rd8 18. Nc5 Qc7 19. Nh5 Ng6 20. Nf6+ Ke7 21.
Qxf5 Bg7 22. Nh5 Bxe5 23. Qf6+ Ke8 24. Ng7+ Kf8 25. Nge6+ Kg8 26. Qxh8+ 1-0

[Event "Ct. Catalunya eq DH"]
[Site "?"]
[Date "2013.02.09"]
[Round "4.4"]
[White "Ayas Fernandez, A."]
[Black "Obon Temprano, S."]
[Result "1/2-1/2"]
[WhiteElo "2356"]
[BlackElo "2362"]
[PlyCount "78"]
[EventDate "2013.??.??"]
[EventType "tourn"]
[EventRounds "11"]

1. e4 e5 2. Nf3 Nc6 3. Bc4 Nf6 4. d4 exd4 5. e5 d5 6. Bb5 Ne4 7. Nxd4 Bd7 8.
Bxc6 bxc6 9. O-O Bc5 10. f3 Ng5 11. Be3 O-O 12. f4 Ne4 13. Nd2 Nxd2 14. Qxd2
Qe7 15. Nb3 Bb6 16. Qc3 f6 17. Bc5 fxe5 18. fxe5 Rxf1+ 19. Rxf1 Rf8 20. Rxf8+
Qxf8 21. Qd4 Qf5 22. Qf2 Kf7 23. a4 Qxf2+ 24. Kxf2 Bf5 25. a5 Bxc5+ 26. Nxc5
Bxc2 27. Ke3 Ke7 28. Kd4 Bf5 29. Na6 Bc8 30. Nb4 Bd7 31. Nd3 Bf5 32. Nc5 Bc8
33. b4 Be6 34. Na6 Bc8 35. Nc5 Be6 36. Na4 Bd7 37. Nc3 Ke6 38. Na4 Ke7 39. Nc5
Be6 1/2-1/2

[Event "Ct. Catalunya eq DH"]
[Site "?"]
[Date "2013.02.09"]
[Round "4.4"]
[White "Garcia Paolicchi, R."]
[Black "Gual Pascual, A."]
[Result "1/2-1/2"]
[WhiteElo "2271"]
[BlackElo "2542"]
[PlyCount "96"]
[EventDate "2013.??.??"]
[EventType "tourn"]
[EventRounds "11"]

1. d4 g6 2. c4 Bg7 3. Nf3 d6 4. g3 Nf6 5. Nc3 O-O 6. Bg2 Nc6 7. O-O a6 8. h3
Rb8 9. Be3 Nd7 10. Rc1 e5 11. Qd2 Ne7 12. dxe5 dxe5 13. Bh6 Bxh6 14. Qxh6 Nf5
15. Qd2 c6 16. Rfd1 Qe7 17. Ne4 Nc5 18. Nxc5 Qxc5 19. e3 Qe7 20. Qc3 f6 21. Rd2
Nh6 22. Rcd1 Nf7 23. b3 Be6 24. Qa5 Kg7 25. Qc3 h5 26. Ne1 Rbd8 27. Rxd8 Rxd8
28. Rxd8 Qxd8 29. Qd3 Qa5 30. Qe2 Qc3 31. Nf3 Qa1+ 32. Kh2 a5 33. Qc2 Bf5 34.
Qd2 a4 35. bxa4 Qb1 36. a5 Be6 37. a3 c5 38. Qc3 Qd1 39. Nd2 Qe2 40. Ne4 Bxc4
41. Nxc5 Ng5 42. Ne4 Nxe4 43. Bxe4 Qxf2+ 44. Kh1 Ba6 45. Qc7+ Kh6 46. Bxb7 Qe1+
47. Kh2 Bxb7 48. Qxb7 Qxa5 1/2-1/2

[Event "Ct. Catalunya eq DH"]
[Site "?"]
[Date "2013.02.09"]
[Round "4.4"]
[White "Rodriguez Cespedes, A."]
[Black "Pijuan Herranz, M."]
[Result "1/2-1/2"]
[WhiteElo "2472"]
[BlackElo "2327"]
[PlyCount "76"]
[EventDate "2013.??.??"]
[EventType "tourn"]
[EventRounds "11"]

1. e4 e5 2. Nf3 Nc6 3. Bb5 Nf6 4. d3 Bc5 5. c3 O-O 6. O-O d6 7. Nbd2 Ne7 8. d4
exd4 9. cxd4 Bb6 10. Re1 c6 11. Bd3 Bg4 12. Qc2 Ng6 13. h3 Bd7 14. Nf1 Rc8 15.
Ng3 c5 16. d5 c4 17. Bf1 Re8 18. Bd2 Ne5 19. Nxe5 dxe5 20. Bxc4 h5 21. Qb3 h4
22. Nf1 Nh5 23. Rac1 Qf6 24. Ne3 Nf4 25. Bf1 Qg6 26. Nf5 Bxf5 27. exf5 Qxf5 28.
Be3 Rxc1 29. Rxc1 Qg6 30. Bxb6 axb6 31. Rc7 Rd8 32. g3 hxg3 33. Qxg3 Qb1 34.
Qg4 Rxd5 35. Rc8+ Kh7 36. Qh4+ Kg6 37. Qg4+ Kf6 38. Qh4+ Kg6 1/2-1/2

[Event "Ct. Catalunya eq DH"]
[Site "?"]
[Date "2013.02.09"]
[Round "4.4"]
[White "Ryan, J."]
[Black "Vila Gazquez, X."]
[Result "1-0"]
[WhiteElo "2363"]
[BlackElo "2490"]
[PlyCount "133"]
[EventDate "2013.??.??"]
[EventType "tourn"]
[EventRounds "11"]

1. d4 Nf6 2. Nf3 g6 3. c4 Bg7 4. g3 d5 5. cxd5 Nxd5 6. Bg2 Nb6 7. O-O Nc6 8. e3
O-O 9. Nc3 a5 10. b3 a4 11. Nxa4 Nxa4 12. bxa4 Bf5 13. Bb2 Be4 14. Ne1 Bxg2 15.
Nxg2 Ra6 16. Nf4 e5 17. dxe5 Nxe5 18. Bxe5 Bxe5 19. Rb1 b6 20. Nd3 Bg7 21. Qb3
Ra7 22. Rfc1 Qd7 23. Rc4 Rd8 24. Rd1 Ra5 25. Nb2 Rd5 26. Rcc1 Bxb2 27. Rxd5
Qxd5 28. Qxb2 Rc8 29. Qb3 Qe4 30. Qc4 Qe7 31. Qc6 Qa3 32. Rc2 Qd3 33. Kg2 Qf5
34. Rc4 Qe6 35. Qxe6 fxe6 36. Kf3 Kf7 37. Ke4 Kf6 38. a5 bxa5 39. Rc5 Rb8 40.
Rxa5 Rb2 41. Kf3 Ke7 42. h4 Kd6 43. e4 h6 44. Ke3 Rc2 45. Ra6+ Ke5 46. f4+ Kf6
47. g4 Kf7 48. g5 hxg5 49. hxg5 Ke7 50. Kd4 Rc1 51. Ra8 Kd6 52. Rd8+ Ke7 53.
Rg8 Kf7 54. Rc8 Ke7 55. a4 Kd6 56. a5 Rd1+ 57. Kc4 Rc1+ 58. Kb3 Rb1+ 59. Kc2
Ra1 60. Rg8 Rxa5 61. Rxg6 Kd7 62. Rg7+ Kd6 63. g6 Ra3 64. Rf7 Rg3 65. f5 c5 66.
g7 c4 67. f6 1-0

[Event "Ct. Catalunya eq DH"]
[Site "?"]
[Date "2013.02.09"]
[Round "4.4"]
[White "Vidarte Morales, A."]
[Black "Hernando Rodrigo, J."]
[Result "1-0"]
[WhiteElo "2412"]
[BlackElo "2380"]
[PlyCount "57"]
[EventDate "2013.??.??"]
[EventType "tourn"]
[EventRounds "11"]

1. g3 Nf6 2. Bg2 d5 3. Nf3 g6 4. c4 c6 5. b3 Bg7 6. Bb2 O-O 7. O-O a5 8. cxd5
cxd5 9. d4 Qb6 10. Nc3 Bd7 11. Ba3 Rc8 12. Rc1 Qd8 13. Ne5 Be8 14. Bxe7 Qxe7
15. Nxd5 Nxd5 16. Rxc8 Nb6 17. Bxb7 Nxc8 18. Bxa8 Nb6 19. Bf3 f6 20. Nc4 Nxc4
21. bxc4 f5 22. e3 Nd7 23. Qb3 Nf6 24. c5+ Kf8 25. c6 Ne4 26. Bxe4 Qxe4 27. c7
Bd7 28. Qb8+ Qe8 29. Rb1 1-0

[Event "Ct. Catalunya eq DH"]
[Site "?"]
[Date "2013.02.09"]
[Round "4.5"]
[White "Asis Gargatagli, H."]
[Black "Garrido Fernandez, D."]
[Result "1/2-1/2"]
[WhiteElo "2513"]
[BlackElo "2370"]
[PlyCount "71"]
[EventDate "2013.??.??"]
[EventType "tourn"]
[EventRounds "11"]

1. e4 c5 2. Nf3 Nc6 3. d4 cxd4 4. Nxd4 g6 5. Nc3 Bg7 6. Be3 Nf6 7. Bc4 O-O 8.
Bb3 a5 9. O-O d6 10. Ndb5 b6 11. Re1 Ba6 12. Nd4 Nxd4 13. Bxd4 b5 14. a3 Nd7
15. Bxg7 Kxg7 16. Qd4+ f6 17. Nd5 e5 18. Qd2 Bb7 19. Rad1 Nc5 20. Ba2 Ra6 21.
Qe2 Bxd5 22. Bxd5 Qb6 23. Rd2 b4 24. axb4 axb4 25. b3 Rd8 26. h4 Qc7 27. g3 Qd7
28. Red1 Ra5 29. Kg2 h5 30. Qe3 Qc8 31. Rf1 Qa6 32. f4 Ra1 33. Bc4 Qa8 34. Bd5
Qa6 35. Bc4 Qa8 36. Bd5 1/2-1/2

[Event "Ct. Catalunya eq DH"]
[Site "?"]
[Date "2013.02.09"]
[Round "4.5"]
[White "Bergez, L."]
[Black "Oms Pallisse, J."]
[Result "1/2-1/2"]
[WhiteElo "2418"]
[BlackElo "2546"]
[PlyCount "116"]
[EventDate "2013.??.??"]
[EventType "tourn"]
[EventRounds "11"]

1. e4 e5 2. Nf3 Nc6 3. Nc3 Nf6 4. d4 exd4 5. Nxd4 Bb4 6. Nxc6 bxc6 7. Bd3 d5 8.
exd5 O-O 9. O-O cxd5 10. h3 c6 11. Qf3 Bd6 12. Bf4 Qc7 13. Ne2 Rb8 14. b3 c5
15. c4 d4 16. Rfe1 Bb7 17. Bxd6 Qxd6 18. Qf4 Qc6 19. f3 Rbe8 20. Ng3 Bc8 21.
Bf5 Be6 22. Re5 g6 23. Be4 Nxe4 24. Nxe4 Bf5 25. Rxc5 Rxe4 26. Qxf5 gxf5 27.
Rxc6 Re2 28. Rd6 Rd2 29. Re1 Rxa2 30. Re5 Rb2 31. Rxd4 Rxb3 32. Rd7 Rc3 33. Rc7
f4 34. Re4 a5 35. c5 Rb3 36. Ra7 Rb5 37. Rc4 Rb4 38. Rc2 a4 39. c6 Rc8 40. Rb7
Rxc6 41. Rxb4 Rxc2 42. Rxa4 Rc1+ 43. Kh2 Kg7 44. Rxf4 h5 45. Rf5 Kg6 46. Ra5
Rc2 47. Re5 Ra2 48. Kg3 Rb2 49. f4 f6 50. f5+ Kf7 51. Re4 Rb5 52. Rf4 Kg7 53.
Rf3 Rb4 54. Ra3 h4+ 55. Kf3 Kh6 56. Re3 Kg5 57. Re4 Rb3+ 58. Kf2 Rb2+ 1/2-1/2

[Event "Ct. Catalunya eq DH"]
[Site "?"]
[Date "2013.02.09"]
[Round "4.5"]
[White "Bofill Mas, A."]
[Black "Fassnacht, P."]
[Result "1-0"]
[WhiteElo "2417"]
[BlackElo "2204"]
[PlyCount "89"]
[EventDate "2013.??.??"]
[EventType "tourn"]
[EventRounds "11"]

1. c4 e5 2. g3 c6 3. d4 d6 4. Bg2 Nf6 5. Nc3 Be7 6. e3 O-O 7. Nge2 Bg4 8. h3
Bh5 9. g4 Bg6 10. f4 h6 11. O-O Nfd7 12. f5 Bh7 13. d5 a5 14. Ng3 Qb6 15. Nge4
Rd8 16. Qe1 Rc8 17. b3 Na6 18. Na4 Qd8 19. Qd2 c5 20. Nac3 Nc7 21. Qd3 Ne8 22.
Bd2 Bh4 23. Be1 Bxe1 24. Raxe1 Ndf6 25. Rf2 Nxe4 26. Bxe4 Qh4 27. Kg2 Rc7 28.
Rg1 b6 29. Rf3 Nf6 30. Rg3 Kf8 31. Kh2 Ke7 32. R1g2 Rh8 33. Kg1 Ra7 34. a4 h5
35. Bf3 g6 36. g5 gxf5 37. gxf6+ Qxf6 38. e4 Raa8 39. exf5 Bxf5 40. Be4 h4 41.
Rf3 Bxe4 42. Nxe4 Qh6 43. Nf6 Raf8 44. Qf5 Rd8 45. Ng8+ 1-0

[Event "Ct. Catalunya eq DH"]
[Site "?"]
[Date "2013.02.09"]
[Round "4.5"]
[White "Casanellas Ruano, L."]
[Black "Panelo Muñoz, MA."]
[Result "1/2-1/2"]
[WhiteElo "2290"]
[BlackElo "2468"]
[PlyCount "161"]
[EventDate "2013.??.??"]
[EventType "tourn"]
[EventRounds "11"]

1. e4 c5 2. Nf3 d6 3. Bb5+ Nd7 4. c4 a6 5. Bxd7+ Bxd7 6. Nc3 Nf6 7. d4 cxd4 8.
Qxd4 g6 9. Bg5 Bg7 10. O-O O-O 11. Qd3 Rc8 12. Rac1 Re8 13. Rfd1 Bg4 14. h3
Bxf3 15. Qxf3 Qa5 16. Bxf6 Bxf6 17. Nd5 Qxa2 18. Nxf6+ exf6 19. Qxf6 Rxc4 20.
Rxc4 Qxc4 21. f3 Qc5+ 22. Kh1 Re6 23. Qf4 Qb4 24. Rd2 Kg7 25. Rc2 Qb6 26. Qd2
Re5 27. Rc8 d5 28. exd5 Qd6 29. Qc3 Kh6 30. Rc5 Rxd5 31. Rxd5 Qxd5 32. Qf6 Qe6
33. Qd4 Qe1+ 34. Kh2 Qe7 35. Qf4+ Kg7 36. Qd2 Qf6 37. Qb4 b6 38. b3 Qe5+ 39. f4
Qf6 40. Qc4 b5 41. Qb4 h5 42. Kg3 Kh7 43. Qd2 Qe6 44. b4 Qe4 45. Qd6 Qc4 46.
Qe7 Qd5 47. Qf8 Qe6 48. Qc5 Qe1+ 49. Kh2 Qe4 50. Qd6 Kg7 51. Kg3 a5 52. bxa5
Qe1+ 53. Kh2 Qxa5 54. Qe5+ Kh7 55. Qe8 Qc7 56. Qxb5 Qxf4+ 57. Kg1 g5 58. Qd5
Kg6 59. Qc6+ Qf6 60. Qe4+ Qf5 61. Qc6+ Qe6 62. Qc2+ f5 63. Qf2 g4 64. h4 Qe5
65. g3 Qd6 66. Kg2 Qd5+ 67. Kh2 Qd6 68. Qe3 f4 69. gxf4 Kf5 70. Kg3 Qd5 71. Qa3
Ke4 72. Qc3 Qd6 73. Qe1+ Kf5 74. Qe3 Qd5 75. Qa3 Qd8 76. Qc5+ Ke4 77. Qe5+ Kd3
78. Qxh5 Qd4 79. Qxg4 Qg1+ 80. Kh3 Qh1+ 81. Kg3 1/2-1/2

[Event "Ct. Catalunya eq DH"]
[Site "?"]
[Date "2013.02.09"]
[Round "4.5"]
[White "Castelltort Fernandez, A."]
[Black "Crespo Revilla, JM."]
[Result "1-0"]
[WhiteElo "2347"]
[BlackElo "2241"]
[PlyCount "26"]
[EventDate "2013.??.??"]
[EventType "tourn"]
[EventRounds "11"]

1. e4 c5 2. d3 Nc6 3. f4 g6 4. Nf3 Bg7 5. Be2 d6 6. O-O Nh6 7. c3 O-O 8. Kh1
Rb8 9. Be3 e5 10. fxe5 Nxe5 11. Nxe5 Bxe5 12. d4 Qh4 13. dxe5 dxe5 1-0

[Event "Ct. Catalunya eq DH"]
[Site "?"]
[Date "2013.02.09"]
[Round "4.5"]
[White "Escandell Mari, JC."]
[Black "Vehi Bach, VM."]
[Result "0-1"]
[WhiteElo "2366"]
[BlackElo "2370"]
[PlyCount "56"]
[EventDate "2013.??.??"]
[EventType "tourn"]
[EventRounds "11"]

1. e4 c5 2. Nf3 e6 3. d4 cxd4 4. Nxd4 Nf6 5. Nc3 d6 6. Be3 Be7 7. f3 Nc6 8. Qd2
a6 9. g4 O-O 10. O-O-O Nd7 11. h4 Nde5 12. Qg2 Nxd4 13. Bxd4 Bd7 14. g5 b5 15.
f4 Nc6 16. Be3 b4 17. Ne2 a5 18. Qf2 a4 19. Kb1 Qc7 20. Ng3 Rfc8 21. b3 Na5 22.
f5 axb3 23. cxb3 Nxb3 24. axb3 Qc3 25. Qb2 Qxe3 26. Nh5 Rc3 27. Bd3 Ra3 28.
Rhe1 Qf3 0-1

[Event "Ct. Catalunya eq DH"]
[Site "?"]
[Date "2013.02.09"]
[Round "4.6"]
[White "Camacho Collados, J."]
[Black "Baños, OF."]
[Result "1-0"]
[WhiteElo "2345"]
[BlackElo "2314"]
[PlyCount "69"]
[EventDate "2013.??.??"]
[EventType "tourn"]
[EventRounds "11"]

1. Nf3 d5 2. g3 Nf6 3. Bg2 e6 4. c4 Be7 5. cxd5 exd5 6. O-O O-O 7. d3 c6 8. Nc3
Na6 9. e4 dxe4 10. dxe4 Qxd1 11. Rxd1 Rd8 12. Rxd8+ Bxd8 13. e5 Ne8 14. Be3 Be7
15. Rd1 Nac7 16. Bg5 Bf8 17. Nd2 f6 18. exf6 Nxf6 19. Nc4 Bg4 20. Rd4 Be6 21.
Na5 Nfd5 22. Nxd5 Nxd5 23. Nxb7 h6 24. Nd8 hxg5 25. Nxe6 Be7 26. Bxd5 cxd5 27.
Rxd5 Rc8 28. Nxg5 Rc2 29. Ra5 Bxg5 30. Rxg5 Rxb2 31. Ra5 Rb7 32. h4 Kf7 33. Ra6
g6 34. Kg2 Kg7 35. Kh3 1-0

[Event "Ct. Catalunya eq DH"]
[Site "?"]
[Date "2013.02.09"]
[Round "4.6"]
[White "Fernandez Lopez, J."]
[Black "Ramirez Garcia, JA."]
[Result "0-1"]
[WhiteElo "2144"]
[BlackElo "2309"]
[PlyCount "50"]
[EventDate "2013.??.??"]
[EventType "tourn"]
[EventRounds "11"]

1. e4 e6 2. Nf3 d5 3. Nc3 Nf6 4. e5 Nfd7 5. d4 c5 6. dxc5 Bxc5 7. Bd3 Nc6 8.
Bf4 f6 9. exf6 Qxf6 10. Bg3 O-O 11. Qe2 Bb4 12. O-O Bxc3 13. bxc3 e5 14. Bb5 e4
15. Nd4 Nxd4 16. cxd4 Nb6 17. Qe3 Bg4 18. Bc7 Rac8 19. Bxb6 Qxb6 20. Rab1 Qg6
21. Kh1 Rf3 22. Qd2 Qh5 23. Bd7 Bxd7 24. gxf3 Qxf3+ 25. Kg1 Rc6 0-1

[Event "Ct. Catalunya eq DH"]
[Site "?"]
[Date "2013.02.09"]
[Round "4.6"]
[White "Iglesias, J."]
[Black "Serra Pages, J."]
[Result "1/2-1/2"]
[WhiteElo "2407"]
[BlackElo "2284"]
[PlyCount "31"]
[EventDate "2013.??.??"]
[EventType "tourn"]
[EventRounds "11"]

1. d4 Nf6 2. c4 g6 3. Nf3 Bg7 4. g3 O-O 5. Bg2 d5 6. cxd5 Nxd5 7. O-O Nb6 8.
Nc3 Nc6 9. e3 e5 10. d5 Na5 11. e4 c6 12. Re1 Qd6 13. Nd2 cxd5 14. Nxd5 Be6 15.
Nb3 Nxb3 16. axb3 1/2-1/2

[Event "Ct. Catalunya eq DH"]
[Site "?"]
[Date "2013.02.09"]
[Round "4.6"]
[White "Llaneza Vega, P."]
[Black "Alexandrova, O."]
[Result "0-1"]
[WhiteElo "2320"]
[BlackElo "2418"]
[PlyCount "90"]
[EventDate "2013.??.??"]
[EventType "tourn"]
[EventRounds "11"]

1. e4 c6 2. d4 d5 3. Nc3 dxe4 4. Nxe4 Nf6 5. Nxf6+ exf6 6. c3 Bd6 7. Bd3 O-O 8.
Qc2 Re8+ 9. Ne2 h6 10. Be3 Nd7 11. O-O-O Nf8 12. Qd2 Qa5 13. Bc4 b5 14. Bb3 Bf5
15. Ng3 Bg6 16. Rhe1 Rad8 17. Bf4 Rxe1 18. Rxe1 c5 19. Bxd6 Rxd6 20. Qf4 Rxd4
21. Qe3 Qc7 22. Bc2 Rd8 23. h4 Bxc2 24. Kxc2 Ne6 25. Nf5 Qd7 26. a3 h5 27. Kb1
g6 28. Ng3 Kg7 29. Ne4 Qd5 30. g3 a5 31. Rc1 c4 32. Re1 Qd3+ 33. Kc1 f5 34. Ng5
Qxe3+ 35. Rxe3 Kf6 36. f4 Rd5 37. Kc2 a4 38. Nf3 Nc5 39. Nd4 Ne4 40. Kd1 Nc5
41. Ke2 Nd3 42. Kf3 Nxb2 43. Re5 Rxe5 44. fxe5+ Kxe5 45. Nxb5 Nd3 0-1

[Event "Ct. Catalunya eq DH"]
[Site "?"]
[Date "2013.02.09"]
[Round "4.6"]
[White "Rojas Keim, LA."]
[Black "Grafl, F."]
[Result "1-0"]
[WhiteElo "2456"]
[BlackElo "2416"]
[PlyCount "91"]
[EventDate "2013.??.??"]
[EventType "tourn"]
[EventRounds "11"]

1. d4 f5 2. Bg5 g6 3. Nc3 Nh6 4. e4 fxe4 5. Nxe4 d5 6. Ng3 Nf7 7. Be3 Bg7 8. h4
c5 9. c3 Qb6 10. Qd2 cxd4 11. Bxd4 Bxd4 12. cxd4 Nc6 13. Rd1 e5 14. dxe5 Nfxe5
15. Be2 Be6 16. Nf3 O-O-O 17. O-O Nc4 18. Bxc4 dxc4 19. Qc3 Rhf8 20. Rxd8+ Qxd8
21. Ne5 Qf6 22. Nxc6 bxc6 23. Qa3 Bd5 24. Qxa7 Qxb2 25. Re1 Qb7 26. Qc5 Rf7 27.
Qd6 Qd7 28. Qa3 Qb7 29. Re8+ Kd7 30. Ra8 Qb6 31. Nh1 c3 32. Qxc3 Qb1+ 33. Kh2
Qe4 34. Ra7+ Ke8 35. Ra8+ Kd7 36. Qh3+ Be6 37. Qc3 Bd5 38. f3 Qxh4+ 39. Kg1 Qc4
40. Qe3 Kd6 41. Nf2 Re7 42. Rd8+ Rd7 43. Re8 Kc7 44. Nd3 Bf7 45. Qa7+ Kd6 46.
Qb8+ 1-0